Statistics for "Q" Antonym

Click here to take the quiz!

General Stats

  • This quiz has been taken 49 times
  • The average score is 9 of 16

Answer Stats

WordQ Antonyms% Correct
KingQueen
100%
AnswerQuestion / Query
100%
LoudQuiet
98%
SlowQuick
93%
JoinQuit
90%
BicepQuadricep
68%
ParaphraseQuote
68%
HardlyQuite
63%
Not NauseatedQueasy
54%
Be StillQuake / Quiver
41%
DesiccateQuench
29%
Not CharmingQuaint
24%
TotallyQuasi
17%
RealisticQuixotic
17%
InitiateQuell
15%
AgreeQuibble
15%

Score Distribution

Percentile by Number Answered

Percent of People with Each Score

Your Score History

You have not taken this quiz